00281nam a2200121Ia 45000030006000000080041000060400015000471000024000622450035000862600009001215460012001300050017001420STCL150530s9999 xx 000 0 und d aSTCLcSTCL aDalgairns, J.B.; Ed aDevotion to the heart of jesus c1853 aEnglish20220125165403.0